00850ntm a22002177a 450000500170000000800410001704000280005808200170008610000260010324500530012926000100018230000400019250001840023259000110041665000470042765300230047465500090049794200080050699900170051495201010053120170809114844.0170802s2010 xx a frb 000 0 eng d aEG-ScBUEbengcEG-ScBUE04222a624bMOT1 aMottier, Ahmed Gamal.1 aEducation through sports /cAhmed Gamal Mottier. c2010. avii, 94 p. :bill. (col.) ;c28 cm. aA thesis submitted to the faculty of engineering. the British university in Egypt, in partial Fulfillment of the requirements for the bachelor degree in architectural engineering. akarima 72BUEshaArchitectural EngineeringvProjects bENGARCcAugust2017 vSPRO 2ddc c25227d25199 00102ddc4070aMAINbMAINc2NDd2017-08-07l0o624 MOTp000046378r2025-07-15 00:00:00yPROJST